000 00888nam a2200265 4500
001
003 DO-SdBPM
005 20250122085110.0
007 00007563
008 160404b 2014 dr |||0| 0 spa d
020 _a9789945589184
040 _aBPMSU
_bspa
_cBPMSU
082 4 _aRD863.44
_bG861p 2014
_222
100 1 _4Grimaldi Silié, Eleanor
245 1 3 _aLa paloma grande de Matachalupe /
_cEleanor Grimaldi Silié ; ilustración Werner Olmos Tavarez
260 _aSanto Domingo :
_bEditorial Santuario,
_c2014
300 _a27 p. :
_bils. ;
_c23 cm.
500 _aIncluye datos biográficos del autor en la solapa de la cubierta
590 _aInventariado, 2025/VM
650 4 _aCuentos infantiles dominicanos
650 4 _aLiteratura infantil dominicana
700 1 _aOlmos Tavárez, Werner
_eilustración
910 _aVMateo V. Control de calidad. BPMSU
942 _2ddc
_cBK
999 _c9511
_d9511